Perspectiva de familia : (Registro nro. 11919)

Detalles MARC
000 -Cabecera
Campo de control interno 00594nam a2200181Ia 4500
005 - Fecha y hora del registro
control field 20260306162903.0
008 - Elementos de Longitud Fija
fixed length control field 260306t2019||||xx |||||||||||||| ||spa||
041 ## - Idioma
Codigo Idioma ESP
082 ## - DEWEY y NOTACIÓN INTERNA
Dewey HR 306.8
Notación Interna V. 4 2019 PF
110 ## - AUTOR INSTTITUCIONAL
Autor Institucional Universidad Católica San Pablo. Instituto para el Matrimonio y la Familia
245 #0 - TÍTULO DE MATERIAL BIBLIOGRÁFICO
Título Perspectiva de familia :
Título paralelo Revista de investigación del Instituto para el Matrimonio y la Familia de la Universidad Católica San Pablo
260 ## - CIUDAD, EDITORIAL, AÑO
Año 2019
300 ## - DESCRIPCIÓN
N° Páginas 138 páginas :
Dimensiones 23 cm.
650 ## - TEMAS
Temas Generalidades
654 ## - PROGRAMAS
Programa Dpto. de Educación
942 ## - ELEMENTOS DE KOHA
Tipo de documento Revista
Nombre del creador Justo Noguera
Código de catalogador Justo Noguera
Esquema de clasificación Dewey Decimal Classification
Suppress in OPAC
Existencias
Codigo completo Registro Colección Copia número Disponibilidad Tipo de préstamo Biblioteca Actual Procedencia (Biblioteca) Ubicacón Fecha Ingreso Tipo de Adquisición Date last seen Total checkouts Price effective from Tipo de Item Estado del Material Fuente de Clasificación Damaged status Withdrawn status
HR 306.8 V. 4 2019 PF 1082578 Universidad Católica San Pablo 1 Disponible Disponible Víctor Andrés Belaunde Víctor Andrés Belaunde Planta baja abierta 03/06/2026 Donación 06/03/2026   06/03/2026 Revista Bueno Dewey Decimal Classification